Import trade control policy for the year april 1976-march 1977 (Record no. 4906)

MARC details
000 -LEADER
fixed length control field 00571nam a2200181Ia 4500
003 - CONTROL NUMBER IDENTIFIER
control field IN-BaIIA
008 - FIXED-LENGTH DATA ELEMENTS--GENERAL INFORMATION
fixed length control field 211028s9999 xx 000 0 eng d
040 ## - CATALOGING SOURCE
Transcribing agency IIA Library
080 ## - UNIVERSAL DECIMAL CLASSIFICATION NUMBER
Universal Decimal Classification number 382.2
Item number IND
110 ## - MAIN ENTRY--CORPORATE NAME
Corporate name or jurisdiction name as entry element India. Govt. of Ministry Commere
9 (RLIN) 8794
245 #0 - TITLE STATEMENT
Title Import trade control policy for the year april 1976-march 1977
Remainder of title vol. 2
Statement of responsibility, etc. India Govt. of Ministry Commere
260 ## - PUBLICATION, DISTRIBUTION, ETC.
Place of publication, distribution, etc. Delhi
Name of publisher, distributor, etc. Controller of Publications
Date of publication, distribution, etc. 1976
300 ## - PHYSICAL DESCRIPTION
Extent iv , 342p.
650 ## - SUBJECT ADDED ENTRY--TOPICAL TERM
Topical term or geographic name entry element  Exporters
9 (RLIN) 8795
650 ## - SUBJECT ADDED ENTRY--TOPICAL TERM
Topical term or geographic name entry element  Policy 
9 (RLIN) 8796
650 ## - SUBJECT ADDED ENTRY--TOPICAL TERM
Topical term or geographic name entry element Impact Trade Control 
9 (RLIN) 8797
942 ## - ADDED ENTRY ELEMENTS (KOHA)
Koha item type Books
Holdings
Withdrawn status Lost status Damaged status Not for loan Home library Current library Shelving location Date acquired Cost, normal purchase price Total Checkouts Full call number Barcode Date last seen Cost, replacement price Price effective from Koha item type Purchase Price
        IIA Library-Bangalore IIA Library-Bangalore General Stacks 07/09/1976 15.00   382.2/ IND 5491 05/11/2021 15.00 07/09/1976 Books Rs. 15.00

Powered by Koha